Business Objects XI : (Record no. 7265)
[ view plain ]
| 000 -LEADER | |
|---|---|
| fixed length control field | 01611cam a22001934a 4500 |
| 020 ## - INTERNATIONAL STANDARD BOOK NUMBER | |
| ISBN | 0072262656 (pbk.) |
| 020 ## - INTERNATIONAL STANDARD BOOK NUMBER | |
| ISBN | 9780072262650 |
| 050 00 - CALL NUMBER | |
| Classification number | QA76.9.D3 |
| Item number | .H83 |
| 100 1# - AUTHOR | |
| Personal name | Howson, Cindi. |
| 245 10 - TITLE | |
| Title | Business Objects XI : |
| Remainder of title | the complete reference / |
| Statement of responsibility, etc | Cindi Howson. |
| 260 ## - PUBLICATION INFORMATION | |
| Place of publication | New York : |
| Name of publisher | McGraw-Hill Professional, |
| Year of publication | c2006. |
| 300 ## - DESCRIPTION | |
| Number of Pages | xxii, 650 p. : |
| Other physical details | ill. ; |
| Dimensions | 24 cm. |
| 500 ## - NOTES | |
| General note | Includes index |
| 505 ## - FORMATTED CONTENTS NOTE | |
| Table of Content | PART I: GETTING READY FOR BUSINESS OBJECTS XIChapter 1: Introduction to Business Intelligence Chapter 2: Goals of Deploying Business Objects XIChapter 3: Understanding your UsersChapter 4: Marketing Your BusinessObjects XIChapter 5: Under the Covers: Migrating to a New ArchitecturePART II: A BETTER UNIVERSEChapter 6: Universe Design PrinciplesChapter 7: Using Designer to Build a Basic Universe Chapter 8: Universe JoinsChapter 9: Classes and ObjectsChapter 10: List of Values Chapter 11: Advanced Objects Chapter 12: Multidimensional Analysis Chapter 13: Securing the System Chapter 14: Design Principles: Where to Put the IntelligenceChapter 15: Minimizing Universe MaintenanceChapter 16: Getting Ready for ProductionPART III: REPORTING AND ANALYSISChapter 17: Navigating InfoViewChapter 18: Working with DocumentsChapter 19: Analyzing the DataChapter 20: Creating a New QueryChapter 21: Advanced Report and Chart FormattingChapter 22: Formulas and VariablesChapter 23: Complex QueriesChapter 24: Desktop IntelligenceBIBLIOGRAPHYINDEX |
| 650 #0 - SUBJECTS | |
| Topical Term | Relational databases. |
| 650 #0 - SUBJECTS | |
| Topical Term | Business |
| General subdivision | Data processing. |
| 650 #0 - SUBJECTS | |
| Topical Term | Business intelligence |
| General subdivision | Data processing. |
| 942 ## - ADDED ENTRY ELEMENTS (KOHA) | |
| Koha item type | Books |
| Withdrawn status | Lost status | Collection code | Home library | Current library | Shelving location | Date acquired | Full call number | Accession Number | Koha item type |
|---|---|---|---|---|---|---|---|---|---|
| Reference | Methodist University Library Main | Methodist University Library Main | General Stacks | QA76.9.D3 .H83 | 2287 | Books |